Statistics for Cities and Countries with more than 100 km of Tram Rails

Click here to take the quiz!

General Stats

  • This quiz has been taken 114 times
    (112 since last reset)
  • The average score is 43 of 68

Answer Stats

Length/kmTram City% Correct
181Moscow
93%
190Berlin
92%
205.5St.Petersburg
91%
France
87%
United States
87%
Russia
86%
Russia
86%
Russia
86%
Russia
86%
Russia
86%
Russia
86%
Russia
86%
Russia
86%
Russia
86%
Germany
85%
Germany
85%
Germany
85%
Germany
85%
Germany
85%
105Paris
84%
124Warsaw
80%
Italy
79%
Poland
79%
Poland
79%
Spain
79%
176.9Vienna
78%
170Milan
76%
141.1Kiev
75%
Ukraine
75%
Austria
74%
156.9Budapest
74%
250Melbourne
72%
Australia
71%
138.9Brussels
71%
142.4Prague
69%
143Bucharest
68%
Hungary
68%
Czech Republic
66%
Belgium
65%
Romania
65%
Norway
64%
Netherlands
62%
132.7Dresden
61%
131.4Oslo
59%
148.3Leipzig
54%
154Sofia
54%
105The Hague
53%
108Volgograd
53%
183Yekaterinburg
52%
Bulgaria
51%
187Kazan
48%
141Lodz
46%
117Novosibirsk
45%
114.6Bremen
41%
168.2Samara
39%
Croatia
38%
116.3Zagreb
38%
182Riga
36%
Latvia
34%
110Perm
27%
142Saratov
21%
141.2Alicante
20%
100.8Philadelphia
20%
184Kassel (regioTram)
15%
123Krasnodar
15%
102Kaliningrad
11%
180Tver
6%
164.2Magnitogorsk
4%

Score Distribution

Percentile by Number Answered

Percent of People with Each Score

Your Score History

You have not taken this quiz since the last reset